000 00497nam a2200169Ia 4500
999 _c6509
_d6509
003 OSt
005 20200113142957.0
008 190216s9999||||xx |||||||||||||| ||und||
040 _coclc
082 _a332.042
_bBHA/I
100 _aBhalla, V K
_91070
245 0 _aInternational Financial Management Text and Cases /
_cV K Bhalla
250 _a4th ed.
260 _bAnmol Publications,
_c2004.
_aDelhi:
300 _a1022p
942 _cBK
_2ddc
_h332.042
_iBHA/I
_k332.042
_mBHA/I